Movie Couples by Silhouette Quiz Stats

 Plays Quiz Updated Dec 27, 2014

Challenge
Share
Tweet
Score 0/25 Timer 08:00
5 Plays Today
% Correct
C-3PO and R2-D2, Star Wars
96.8%
Woody and Buzz, Toy Story
96.3%
The Tin Man and the Scarecrow, The Wizard of Oz
92.8%
Mike and Sulley, Monsters, Inc.
90.5%
Jack and Rose, Titanic
89.8%
Peter and Mary Jane, Spider-Man
88.2%
Wall-E and Eve, WALL-E
88.1%
Sandy and Danny, Grease
84.2%
Jules and Vincent, Pulp Fiction
81.7%
Johnny and Baby, Dirty Dancing
80.8%
Juno and Paulie, Juno
77.9%
Jack and Ennis, Brokeback Mountain
72.9%
Rick and Ilsa, Casablanca
68.6%
% Correct
Will and Elizabeth, Pirates of the Caribbean
66%
Alien vs Predator
65.4%
E.T. and Elliott, E.T.
64.8%
O-Ren and The Bride, Kill Bill
64.5%
Martin and Roger, Lethal Weapon
57%
Sherlock and Watson, Sherlock Holmes
54.5%
Bella and Edward, Twilight
51%
Jay and Silent Bob
47.9%
Legolas and Gimli, The Lord of the Rings
45.9%
Pacha and Kuzco, The Emperor's New Groove
44.4%
Team America: World Police
43.4%
Harry and Lloyd, Dumb and Dumber
42.2%

You're not logged in!

Compare scores with friends on all Sporcle quizzes.
Join for Free
OR
Log In

You Might Also Like...

Show Comments

Extras

Top Quizzes Today


Score Distribution

Your Account Isn't Verified!

In order to create a playlist on Sporcle, you need to verify the email address you used during registration. Go to your Sporcle Settings to finish the process.

Report this User

Report this user for behavior that violates our Community Guidelines.

Details: